Geography Quiz

Random Geography or State Quiz

100 Largest Two Word US Cities Quiz Stats

 Plays Quiz not verified by Sporcle

Support Sporcle.
Go Orange.
Score 0/100 Timer 20:00
0 Plays Today
Population City % Correct
3,979,576Los Angeles
100%
8,336,817New York
99.7%
1,423,851San Diego
99.7%
881,549San Francisco
99.5%
1,547,253San Antonio
99.2%
1,021,795San Jose
99.2%
655,057Oklahoma City
99.2%
651,319Las Vegas
99.2%
495,327Kansas City
99.2%
152,960Kansas City
98.7%
300,576St. Louis
98.5%
909,585Fort Worth
98%
390,144New Orleans
97.7%
478,221Colorado Springs
97.4%
308,096St. Paul
97.2%
449,974Virginia Beach
96.4%
681,728El Paso
96.2%
220,236Baton Rouge
94.9%
262,075Jersey City
94.4%
270,402Fort Wayne
93.9%
214,237Des Moines
92.1%
326,586Corpus Christi
92.1%
462,628Long Beach
91.6%
265,351St. Petersburg
90.8%
332,318Santa Ana
90.3%
197,312Little Rock
89.8%
182,437Fort Lauderdale
87.7%
215,784San Bernardino
86.7%
201,013Grand Rapids
86.4%
183,793Sioux Falls
86.4%
247,945Winston-Salem
85.9%
274,492Chula Vista
81.6%
212,979Santa Clarita
79%
133,562Cedar Rapids
79%
Population City % Correct
119,980Ann Arbor
79%
130,250New Haven
78.8%
170,243Fort Collins
76.5%
104,578Green Bay
76.5%
130,365Santa Clara
76.2%
179,225Newport News
75.7%
195,494Overland Park
73.1%
102,026South Bend
71.6%
176,753Santa Rosa
70.8%
103,432Las Cruces
70.8%
91,364Santa Barbara
70.1%
199,223Huntington Beach
69.6%
88,885Miami Beach
64.2%
115,382North Charleston
63.7%
194,495Cape Coral
63.2%
87,891Fort Smith
62.4%
116,480West Jordan
61.6%
132,438Sterling Heights
61.4%
110,001Miami Gardens
61.4%
90,401Santa Monica
59.1%
107,263Santa Maria
58.1%
104,683Wichita Falls
57.8%
177,603Rancho Cucamonga
57%
173,591Pembroke Pines
56.3%
133,372Round Rock
56%
194,543Grand Prairie
55%
133,759Coral Springs
54.5%
174,775Elk Grove
54.2%
213,055Moreno Valley
53.7%
126,813Thousand Oaks
53.7%
112,791High Point
53.2%
110,198Broken Arrow
52.7%
171,644Garden Grove
52.4%
109,452Sandy Springs
51.9%
Population City % Correct
99,178Rio Rancho
51.2%
95,363New Bedford
50.4%
125,613Simi Valley
48.8%
104,430San Mateo
48.3%
101,004San Angelo
46.5%
117,911College Station
46.3%
89,587St. George
46.3%
106,280Daly City
45.8%
105,101West Covina
44.2%
109,106San Buenaventura
43.7%
102,708El Cajon
43.5%
101,060Spokane Valley
43.2%
113,003Costa Mesa
40.9%
115,552Palm Bay
40.9%
96,289Federal Way
40.9%
89,541Fall River
40.7%
99,357Lee's Summit
40.4%
112,118Pompano Beach
39.6%
115,487El Monte
39.1%
99,805Boca Raton
38.1%
96,664San Marcos
36.8%
118,488Sugar Land
35.5%
91,684Mount Pleasant
34.3%
109,527Jurupa Valley
33.8%
107,536League City
30.4%
94,108Toms River (Township)
29.9%
94,381Mission Viejo
26.9%
90,209New Braunfels
23.8%
93,444South Gate
22.5%
89,800Palm Coast
22.5%
99,155South Fulton
21.7%
88,815San Leandro
21%

You're not logged in!

Compare scores with friends on all Sporcle quizzes.
OR
Log In

From the Vault

'F' Cities by Picture

by william2

Fly for far-away, foreign field trip!
Remove Ads.
Support Sporcle.
Get the best of Sporcle when you Go Orange. This ad-free experience offers more features, more stats, and more fun while also helping to support Sporcle. Thank you for becoming a member.

Show Comments

Extras

Top Quizzes Today


Score Distribution

Your Account Isn't Verified!

In order to create a playlist on Sporcle, you need to verify the email address you used during registration. Go to your Sporcle Settings to finish the process.

Report this User

Report this user for behavior that violates our Community Guidelines.

Details: